00555nam a2200229Ia 4500008004000000041000800040082001100048100001900059245007400078260004900152300001300201650000900214650001000223650000600233650000700239650001100246650001400257650001600271650001500287650001700302650000600319210210b1965 xxu||||| |||| 00| 0 eng d aeng a030/43 aGUNN (John) Ed aNelsons biographical dictionary: with a short dictionary of mythology aLondonbThomas Nelson and Sons Limitedc1965 aviii,592 awith ashort as aof aNelson amythology adictionary: adictionary abiographical aa